Państwa w losowych sześciokątach na mapie świata - Statystyki

Ogólne statystyki
  • Ten quiz został rozwiązany 22 443 razy
  • Średni wynik to 16 z 20
Odpowiedzi na mapie
Odpowiedzi zakodowano w zielono-czerwonej skali na mapie do tego quizu, zgodnie z poniższymi procentami.
 
Statystyki odpowiedzi
Państwa % Poprawnych
Austria | Białoruś | Bośnia i Hercegowina | Chorwacja | Czechy | Litwa | Łotwa | Mołdawia | Niemcy | Polska | Rosja | Rumunia | Serbia | Słowacja | Słowenia | Szwecja | Ukraina | Węgry | Włochy
97%
Kanada | Stany Zjednoczone
97%
Kanada | Stany Zjednoczone
97%
Kanada | Stany Zjednoczone
97%
Kanada | Stany Zjednoczone
97%
Kanada | Stany Zjednoczone
97%
Meksyk | Stany Zjednoczone
97%
Estonia | Finlandia | Łotwa | Norwegia | Rosja | Szwecja
96%
Kanada
96%
Andora | Austria | Belgia | Francja | Hiszpania | Liechtenstein | Luksemburg | Monako | Niemcy | San Marino | Szwajcaria | Watykan | Wielka Brytania | Włochy
95%
Kanada
95%
Kanada | Stany Zjednoczone
95%
Meksyk | Stany Zjednoczone
95%
Stany Zjednoczone
95%
Dania | Kanada
94%
Kanada
94%
Kanada | Stany Zjednoczone
94%
Antigua i Barbuda | Bahamy | Barbados | Dominika | Dominikana | Francja | Grenada | Haiti | Holandia | Jamajka | Kolumbia | Kuba | Saint Kitts i Nevis | Saint Lucia | Saint Vincent i Grenadyny | Stany Zjednoczone | Trynidad i Tobago | Wenezuela
93%
Armenia | Azerbejdżan | Bułgaria | Gruzja | Iran | Mołdawia | Rosja | Rumunia | Turcja | Ukraina
93%
Bahamy | Belize | Gwatemala | Jamajka | Kuba | Meksyk | Stany Zjednoczone
93%
Belgia | Dania | Holandia | Niemcy | Norwegia | Szwecja | Wielka Brytania
93%
Białoruś | Estonia | Finlandia | Łotwa | Rosja | Ukraina
93%
Gwatemala | Meksyk
93%
Kanada
93%
Kanada
93%
Meksyk | Stany Zjednoczone
93%
Afganistan | Armenia | Azerbejdżan | Gruzja | Irak | Iran | Kazachstan | Rosja | Turcja | Turkmenistan | Uzbekistan
92%
Albania | Bośnia i Hercegowina | Bułgaria | Chorwacja | Czarnogóra | Egipt | Grecja | Kosowo | Libia | Macedonia Północna | Malta | Rumunia | Serbia | Tunezja | Turcja | Włochy
92%
Chiny | Kazachstan | Mongolia | Rosja
92%
Chiny | Mongolia | Rosja
92%
Dania | Islandia
92%
Finlandia | Norwegia | Rosja
92%
Kanada
92%
Kanada
92%
Brazylia | Francja | Surinam
91%
Chiny | Japonia | Korea Północna | Korea Południowa | Rosja
91%
Dania
91%
Kanada
91%
Kazachstan | Rosja
91%
Kazachstan | Rosja | Uzbekistan
91%
Rosja
91%
Rosja
91%
Algieria | Czad | Egipt | Libia | Niger | Sudan
90%
Argentyna | Boliwia | Brazylia | Chile | Paragwaj | Peru
90%
Belize | Gwatemala | Honduras | Kolumbia | Kostaryka | Meksyk | Nikaragua | Panama | Salwador | Wenezuela
90%
Chiny | Japonia | Rosja
90%
Chiny | Mongolia | Rosja
90%
Mongolia | Rosja
90%
Rosja
90%
Argentyna | Chile | Urugwaj
89%
Rosja
89%
Rosja
89%
Rosja
89%
Rosja
89%
Rosja
89%
Rosja
89%
Algieria | Hiszpania | Mali | Maroko | Mauretania
88%
Brazylia | Gujana | Kolumbia | Peru | Surinam | Trynidad i Tobago | Wenezuela
88%
Rosja
88%
Rosja
88%
Rosja
88%
Rosja
88%
Rosja
88%
Algieria | Hiszpania | Libia | Maroko | Tunezja
87%
Bangladesz | Bhutan | Chiny | Indie | Mjanma | Nepal
87%
Dania
87%
Hiszpania | Maroko | Portugalia
87%
Arabia Saudyjska | Cypr | Egipt | Irak | Iran | Izrael | Jordania | Kuwejt | Liban | Syria | Turcja
86%
Boliwia | Brazylia
86%
Boliwia | Brazylia | Kolumbia | Peru
86%
Indie | Pakistan
85%
Stany Zjednoczone
85%
Argentyna | Brazylia | Paragwaj | Urugwaj
84%
Argentyna | Chile | Wielka Brytania
84%
Brazylia
84%
Afganistan | Chiny | Indie | Iran | Nepal | Pakistan | Tadżykistan | Turkmenistan | Uzbekistan
83%
Arabia Saudyjska | Dżibuti | Egipt | Erytrea | Etiopia | Jemen | Somalia | Sudan | Sudan Południowy
83%
Botswana | Lesotho | Namibia | Republika Południowej Afryki
83%
Dania
83%
Chiny | Kambodża | Laos | Mjanma | Tajlandia | Wietnam
82%
Irlandia | Wielka Brytania
82%
Afganistan | Chiny | Kazachstan | Kirgistan | Tadżykistan | Turkmenistan | Uzbekistan
81%
Australia | Indonezja | Timor Wschodni
81%
Brazylia | Francja | Surinam
81%
Stany Zjednoczone
81%
Afganistan | Arabia Saudyjska | Bahrajn | Iran | Jemen | Katar | Kuwejt | Oman | Pakistan | Zjednoczone Emiraty Arabskie
80%
Algieria | Benin | Burkina Faso | Ghana | Mali | Mauretania | Niger | Nigeria | Togo
80%
Botswana | Eswatini | Madagaskar | Malawi | Mozambik | Republika Południowej Afryki | Zimbabwe
80%
Dania
80%
Demokratyczna Republika Konga | Etiopia | Kenia | Somalia | Sudan | Sudan Południowy | Tanzania | Uganda
80%
Australia | Indonezja | Papua-Nowa Gwinea
79%
Chiny | Mongolia
79%
Ekwador | Kolumbia | Peru
79%
Australia
78%
Chiny | Filipiny | Tajwan
78%
Czad | Demokratyczna Republika Konga | Kamerun | Niger | Nigeria | Republika Środkowoafrykańska | Sudan | Sudan Południowy
78%
Angola | Burundi | Demokratyczna Republika Konga | Gabon | Kamerun | Kongo | Republika Środkowoafrykańska | Rwanda | Tanzania | Uganda
77%
Benin | Burkina Faso | Gabon | Ghana | Gwinea Równikowa | Kamerun | Liberia | Nigeria | Togo | Wybrzeże Kości Słoniowej | Wyspy Świętego Tomasza i Książeca
77%
Chiny | Mjanma
77%
Demokratyczna Republika Konga | Francja | Kenia | Komory | Malawi | Mozambik | Tanzania | Zambia
77%
Australia
76%
Burkina Faso | Gambia | Gwinea | Gwinea Bissau | Liberia | Mali | Mauretania | Republika Zielonego Przylądka | Senegal | Sierra Leone | Wybrzeże Kości Słoniowej
76%
Japonia
76%
Australia
75%
Australia
74%
Angola | Botswana | Demokratyczna Republika Konga | Mozambik | Namibia | Zambia | Zimbabwe
73%
Australia
73%
Brunei | Indonezja | Kambodża | Malezja | Singapur | Tajlandia | Wietnam
73%
Francja | Madagaskar | Mauritius
73%
Etiopia | Jemen | Oman | Somalia
72%
Brazylia
71%
Indie | Malediwy | Sri Lanka
70%
Australia | Nowa Zelandia
68%
Filipiny | Malezja | Palau
68%
Australia
67%
Indie | Indonezja | Mjanma | Sri Lanka | Tajlandia
67%
Indonezja
65%
Australia
64%
Indonezja | Timor Wschodni
64%
Chile
63%
Nowa Zelandia
63%
Peru
63%
Nowa Zelandia
54%
Indonezja | Mikronezja | Palau
51%
Mikronezja | Nauru | Papua-Nowa Gwinea | Wyspy Salomona
47%
Fidżi | Kiribati | Tuvalu | Vanuatu | Wyspy Salomona
46%
Fidżi | Francja | Tonga | Vanuatu
45%
Republika Zielonego Przylądka
44%
Kiribati
43%
Mikronezja | Wyspy Marshalla
41%
Seszele
40%
Francja | Vanuatu | Wyspy Salomona
36%
Kiribati | Wyspy Marshalla
36%
Portugalia
36%
Kiribati
34%
Angola
29%
Wyspy Marshalla
17%
Nie znaleziono quizów pasujących do podanych kryteriów
Rozkład punktacji
Procent ludzi z każdym wynikiem
Percentyl według liczby udzielonych odpowiedzi
Twoja historia wyników
Nie rozwiązałeś tego quizu